| 000 | 00420nam a2200181Ia 4500 | ||
|---|---|---|---|
| 008 | 240515s1190 xx 000 0 und d | ||
| 041 | _aeng | ||
| 082 | _a547.1223/ KAL | ||
| 100 | _aP.S.Kalsi | ||
| 245 | _aSterochemistry Confirmation And Meachansim | ||
| 250 | _a11th | ||
| 260 |
_bNew Age Int _c1190 |
||
| 300 | _a662p | ||
| 365 | _cRS | ||
| 500 | _aB.Pharm | ||
| 520 | _aBV | ||
| 650 | _aOraganic Chemistry | ||
| 999 |
_c1165993 _d1165993 |
||